তোমার সাম্রাজ্যে, যুবরাজ / (Record no. 74560)
[ view plain ]
| 000 -LEADER | |
|---|---|
| fixed length control field | 00879nam a22002177a 4500 |
| 001 - CONTROL NUMBER | |
| control field | 74560 |
| 003 - CONTROL NUMBER IDENTIFIER | |
| rucl marc code | BD-RjUL |
| 005 - DATE AND TIME OF LATEST TRANSACTION | |
| control field | 20211209082553.0 |
| 008 - FIXED-LENGTH DATA ELEMENTS--GENERAL INFORMATION | |
| fixed length control field | 181025s1973 bg ||||| |||| 00| 0 eng d |
| 035 ## - SYSTEM CONTROL NUMBER | |
| System control number | (BD-RjUL)74778 |
| 040 ## - CATALOGING SOURCE | |
| Original cataloging agency | BD-RjUL |
| Language of cataloging | ben |
| Transcribing agency | BD-RjUL |
| 041 ## - LANGUAGE CODE | |
| Language code of text/sound track or separate title | ben |
| 082 ## - DEWEY DECIMAL CLASSIFICATION NUMBER | |
| Classification number | 891.4408 |
| Author mark and year | TOM 1973 |
| 245 ## - TITLE STATEMENT | |
| Title | তোমার সাম্রাজ্যে, যুবরাজ / |
| Statement of responsibility, etc. | সম্পাদনায় হায়াৎ মামুদ ও জ্যোতিপ্রকাশ দত্ত |
| 300 ## - PHYSICAL DESCRIPTION | |
| Pagination | ৫৬৫ পৃ. ; |
| Size | ২৪ সেমি. |
| 650 ## - SUBJECT ADDED ENTRY--TOPICAL TERM | |
| Topical term or geographic name as entry element | বাংলা সাহিত্য |
| General subdivision | সংগ্রহসমূহ |
| 9 (RLIN) | 224219 |
| Topical term or geographic name as entry element | Bengali Literature |
| General subdivision | Collection |
| 9 (RLIN) | 224220 |
| 700 ## - ADDED ENTRY--PERSONAL NAME | |
| Personal name | মামুদ , হায়াৎ |
| Personal name | দত্ত, জ্যোতিপ্রকাশ |
| 942 ## - ADDED ENTRY ELEMENTS (KOHA) | |
| Source of classification or shelving scheme | Dewey Decimal Classification |
| Koha item type | Books |
| Lost status | Source of classification or shelving scheme | Damaged status | Not for loan | Collection code | Permanent Location | Current Location | Shelving location | Date acquired | Source of acquisition | Cost, normal purchase price | Total Checkouts | Full call number | Date last seen | Copy number | Koha item type |
|---|---|---|---|---|---|---|---|---|---|---|---|---|---|---|---|
| Dewey Decimal Classification | Not For Loan | Non-fiction | Central Library, University of Rajshahi | Central Library, University of Rajshahi | Reading Room | 30/08/1973 | Nowrose katabastan | 25.00 | B 891.4408 TOM 1973 | 25/10/2018 | C-1 | Books |